| 000 | 00643nam a2200181Ia 4500 | ||
|---|---|---|---|
| 008 | 151202s9999||||xx |||||||||||||| ||und|| | ||
| 082 | _bPNVM-53093 | ||
| 100 | _aडांगळे अर्जुन. | ||
| 245 | _aही बांधावरची माणसं. | ||
| 260 | _b"मागोवा प्रकाशन,पुणे." | ||
| 260 | _c1989 | ||
| 300 | _a102 | ||
| 600 | _aडांगळे अर्जुन. | ||
| 630 | _aही बांधावरची माणसं. | ||
| 700 | _aडांगळे अर्जुन. | ||
| 730 | _aही बांधावरची माणसं. | ||
| 942 | _cBOOK | ||
| 999 |
_c1319632 _d1319629 |
||